000 00770nam a2200253 u 4500
005 20260204064121.0
008 190826s1996 es r 000 0 spa d
020 _a848211039X
035 _aUPN01000232394
049 _aCG
050 4 _aZ675 S3
_aB3.3
100 1 _aBaró Llambias, Mònica
_943171
245 1 0 _aFormarse para informarse /
_bM. Baró, T. Mañá ; tr. Mar García.
_c1996.
260 _aMadrid :
_bCeleste,
_c1996.
300 _a150 p. :
_bil., cuadros
440 0 _aCeleste
586 _aPremio Rosa Sensat de Pedagogía 1993
650 2 _aBibliotecas escolares
_92963
650 4 _aBibliotecas de educación
_92960
650 4 _aBibliotecas y estudiantes
_93876
700 1 _aMañà, Teresa,
_ecoaut.
905 _aLibro
999 _c204489
_d204489